La alfabetización digital y el desarrollo de competencias ciudadanas (Record no. 125727)

MARC details
000 -CABECERA
campo de control de longitud fija 00609nab a2200205 a 4500
005 - FECHA Y HORA DE LA ÚLTIMA TRANSACCIÓN
campo de control 20210219155849.0
008 - ELEMENTOS DE LONGITUD FIJA--INFORMACIÓN GENERAL
campo de control de longitud fija 991125s1985 mx 000 0 spa u
035 ## - NÚMERO DE CONTROL DEL SISTEMA
Número de control de sistema UPN01000153606
100 1# - ASIENTO PRINCIPAL--NOMBRE PERSONAL
Nombre de persona Gros Salvat, Begoña
222 #0 - TÍTULO CLAVE
Título clave REVISTA IBEROAMERICANA DE EDUCACION
245 03 - MENCIÓN DE TÍTULO
Título La alfabetización digital y el desarrollo de competencias ciudadanas
260 ## - PUBLICACIÓN, DISTRIBUCIÓN, ETC.
Lugar de publicación, distribución, etc. Madrid, España
300 ## - DESCRIPCIÓN FÍSICA
Extensión 103-125
362 0# - FECHAS DE PUBLICACIÓN Y/O DESIGNACIÓN SECUENCIAL
Fecha de publicación y/o designación secuencial 2006 No. 42, sept.-dic.
653 0# - TERMINO DE INDIZACION - NO CONTROLADO
Término no controlado NUEVAS TECNOLOGIAS
653 0# - TERMINO DE INDIZACION - NO CONTROLADO
Término no controlado CIUDADANIA
653 0# - TERMINO DE INDIZACION - NO CONTROLADO
Término no controlado ALFABETIZACION DIGITAL
700 1# - ASIENTO SECUNDARIO--NOMBRE DE PERSONAL
Nombre de persona Contreras, David,
Término indicativo de función/relación coaut.
905 ## - TIPO DE MATERIAL
Tipo de material Articulo

No items available.